Морские железняки западной части Аятского железорудного бассейна: минералого-геохимическая специфика и условия формирования (Тургайский прогиб, Казахстан): автореферат диссертации на соискание ученой степени кандидата геолого-минералогических наук; спец. 1.6.10
| 1. Verfasser: | |
|---|---|
| Körperschaft: | |
| Weitere Verfasser: | |
| Zusammenfassung: | Заглавие с титульного экрана Электронная версия печатной публикации Защита сост. 26.12.2025 На правах рукописи Текстовый файл |
| Sprache: | Russisch |
| Veröffentlicht: |
Томск, 2025
|
| Schlagworte: | |
| Online-Zugang: | https://earchive.tpu.ru/handle/11683/132914 |
| Format: | MixedMaterials Elektronisch Buch |
| KOHA link: | https://koha.lib.tpu.ru/cgi-bin/koha/opac-detail.pl?biblionumber=682625 |
MARC
| LEADER | 00000nam0a2200000 4500 | ||
|---|---|---|---|
| 001 | 682625 | ||
| 005 | 20251101103208.0 | ||
| 090 | |a 682625 | ||
| 100 | |a 20251027d2025 k||y0rusy50 ca | ||
| 101 | 0 | |a rus | |
| 102 | |a RU | ||
| 105 | |a a dm 001yy | ||
| 135 | |a drcn ---uucaa | ||
| 181 | 0 | |a i |b e | |
| 182 | 0 | |a b | |
| 183 | 0 | |a cr |2 RDAcarrier | |
| 200 | 1 | |a Морские железняки западной части Аятского железорудного бассейна: минералого-геохимическая специфика и условия формирования (Тургайский прогиб, Казахстан) |e автореферат диссертации на соискание ученой степени кандидата геолого-минералогических наук |e спец. 1.6.10 |f Максимов Прокопий Николаевич |g науч. рук. М. А. Рудмин ; Национальный исследовательский Томский политехнический университет | |
| 203 | |a Текст |c электронный |b визуальный | ||
| 210 | 1 | |a Томск |d 2025 | |
| 215 | |a 1 файл (2,39 МБ, 23 с.) |c pdf | ||
| 283 | |2 RDAcarrier |a online_resource | ||
| 300 | |a Заглавие с титульного экрана | ||
| 300 | |a Электронная версия печатной публикации | ||
| 300 | |a Защита сост. 26.12.2025 | ||
| 320 | |a Список опубликованных работ по теме диссертации: с. 22-23 (16 назв.) | ||
| 333 | |a На правах рукописи | ||
| 336 | |a Текстовый файл | ||
| 606 | |a Железорудные месторождения |x Геология |9 37787 | ||
| 610 | 1 | |a морские железняки | |
| 610 | 1 | |a ооидовые железняки | |
| 610 | 1 | |a Аятский железорудный бассейн | |
| 610 | 1 | |a Тургайский прогиб | |
| 610 | 1 | |a Казахстан | |
| 610 | 1 | |a литофациальный анализ | |
| 610 | 1 | |a микроструктурные исследования | |
| 610 | 1 | |a минералого-геохимические особенности | |
| 610 | 1 | |a реконструкция | |
| 610 | 1 | |a минеральный состав | |
| 610 | 1 | |a геохимический состав | |
| 610 | 1 | |a электронный ресурс | |
| 610 | 1 | |a авторефераты диссертаций | |
| 610 | 1 | |a труды учёных ТПУ | |
| 675 | |a 553.31 |v 4 | ||
| 686 | |2 oksvnk |a 25.00.11 | ||
| 700 | 1 | |a Максимов |b П. Н. |c геолог |c учебный мастер Томского политехнического университета |f 1998- |g Прокопий Николаевич |9 22827 | |
| 702 | 1 | |a Рудмин |b М. А. |c геолог |c доцент Томского политехнического университета, кандидат геолого-минералогических наук |f 1989- |g Максим Андреевич |4 727 |9 14740 | |
| 712 | 0 | 2 | |a Национальный исследовательский Томский политехнический университет |c (2009- ) |4 570 |9 26305 |
| 801 | 0 | |a RU |b 63413507 |c 20251027 |g RCR | |
| 850 | |a 63413507 | ||
| 856 | 4 | |u https://earchive.tpu.ru/handle/11683/132914 |z https://earchive.tpu.ru/handle/11683/132914 | |
| 942 | |c CF | ||